Beginner's guide to integrated circuits /

Bibliographic Details
Main Author: Sinclair, Ian Robertson
Format: Book
Language:English
Published: London : Newnes Technical Books, 1977, 1978 printing.
Subjects:

MARC

Tag First Indicator Second Indicator Subfields
LEADER 00000cam a2200000 i 4500
001 in00000242523
005 20151010050504.0
008 780228s1977 enka 00110 eng
010 |a  77377541  
015 |a GB77-21197 
020 |a 0408002786 :  |c 2.75 
035 |a (OCoLC)03750529 
035 |9 ABA9970AM 
040 |a DLC  |c DLC  |d TXA  |d UtOrBLW 
049 |a TXAM  |c [1157377] 
050 0 0 |a TK7874  |b .S53 
082 0 |a 621.381/73 
090 |a TK7874  |b .S53 1978 
100 1 |a Sinclair, Ian Robertson. 
245 1 0 |a Beginner's guide to integrated circuits /  |c [by] I. R. Sinclair. 
264 1 |a London :  |b Newnes Technical Books,  |c 1977, 1978 printing. 
300 |a 6 unnumbered pages, 185 pages :  |b illustrations ;  |c 19 cm. 
336 |a text  |b txt  |2 rdacontent 
337 |a unmediated  |b n  |2 rdamedia 
338 |a volume  |b nc  |2 rdacarrier 
500 |a Includes index. 
650 0 |a Integrated circuits. 
999 |a MARS 
999 f f |s ac558819-0a03-3f7e-8e0e-ffa56e864901  |i fc14784a-3a7b-3d5a-afa8-afd327f66210  |t 0 
952 f f |p normal  |a Texas A&M University  |b College Station  |c Sterling C. Evans Library  |d Evans: Library Stacks  |t 0  |e TK7874 .S53 1978  |h Library of Congress classification  |i unmediated -- volume  |m A14805508084 
998 f f |a TK7874 .S53 1978  |t 0  |l Evans: Library Stacks